| 000 | 00363nam a22001577a 4500 | ||
|---|---|---|---|
| 003 | LK-CoDNM | ||
| 005 | 20250110123125.0 | ||
| 008 | 250110b |||||||| |||| 00| 0 eng d | ||
| 040 |
_aLK-CoDNM _dLK-CoDNM _eLK-CoDNM |
||
| 041 | _aeng | ||
| 080 |
_a5 _bO14 |
||
| 245 | _aZoological Papers | ||
| 300 | _a562p. : ill , 21 cm | ||
| 650 | _aScience | ||
| 942 | _cBK | ||
| 999 |
_c235955 _d235955 |
||